000 00545nam a2200169Ia 4500
008 090711s9999 xx 000 0 und d
082 _b76258
100 _aबनहट्टी राजेंद्र
245 _aप्रेक्षक
260 _bलाटकर प्रकाशन
_c1994
300 _a127
600 _aबनहट्टी राजेंद्र
630 _aप्रेक्षक
700 _aबनहट्टी राजेंद्र
730 _aप्रेक्षक
942 _cBOOK
999 _c330996
_d330996